Loading...
| Literature - American | 0 | 7 | 0 | 0 | 70 | 32 | 77.00 | 2 | 6 | 28.90 | 48.86 |
| Literature - European | 0 | 6 | 0 | 0 | 60 | 69 | 94.83 | 0 | 3 | 18.85 | 38.64 |
| Literature - British | 0 | 4 | 1 | 0 | 35 | 70 | 76.25 | 0 | 3 | 16.42 | 25.00 |
| History - American | 0 | 3 | 0 | 0 | 30 | 51 | 79.33 | 0 | 0 | 9.04 | 11.36 |
| Literature - World | 0 | 2 | 0 | 1 | 20 | 81 | 100.50 | 1 | 2 | 4.61 | 13.64 |
| History - Other | 0 | 2 | 0 | 2 | 20 | 89 | 105.00 | 0 | 0 | 2.35 | 3.41 |
| Religion | 0 | 1 | 0 | 1 | 10 | 105 | 105.00 | 0 | 0 | 0.00 | 1.14 |
| History - World | 0 | 1 | 0 | 1 | 10 | 119 | 119.00 | 0 | 0 | 0.00 | 1.14 |
| Science - Other | 0 | 1 | 0 | 0 | 10 | 49 | 49.00 | 0 | 1 | 4.89 | 7.95 |
| Mythology | 0 | 0 | 0 | 0 | 0 | 0.00 | 0 | 0 | 0.00 | 0.00 | |
| Science - Physics | 0 | 0 | 1 | 0 | -5 | 0.00 | 0 | 0 | 0.00 | 0.00 | |
| Fine Arts - Classical Music | 0 | 0 | 1 | 0 | -5 | 0.00 | 0 | 0 | 0.00 | 0.00 |